000 00502nam a22001817a 4500
003 LK-CoDNM
005 20240201092740.0
008 240201b |||||||| |||| 00| 0 eng d
020 _a9786240014328
040 _aLK-CoDNM
_dLK-CoDNM
_eLK-CoDNM
041 _asin
080 _a809.50
_bUPA
100 _aඋපනන්ද,තෙරිපැහැ
245 _aචීන භාෂාධ්‍යයන
260 _aColombo
_bS.Godage Saha Sahodarayo
_c2022
300 _a148p.,21cm
942 _cBK
999 _c144698
_d144698